Principales verdades de la religión para ser enseñadas a niños de corta edad y a los que se preparan para la primera comunión

Gardado en:
Detalles Bibliográficos
Autor Principal: Fuenzalida Guzmán, Gilberto (Author)
Formato: Libro
Idioma:Lingua castelá
Publicado: Santiago Federación de Obras Católicas 1920
Edición:5a. ed
Series:Catecismo Elemental: curso inferior
Subjects:
Tags: Engadir etiqueta
Sen Etiquetas, Sexa o primeiro en etiquetar este rexistro!

MARC

LEADER 00000nam a2200000 a 4500
001 UCZ8559
003 CL-VaPUC
008 960121e19200000CL |||||||||||||||||spa|d
082 0 4 |a 372.84  |b FUEN  |2 21 
100 0 |a Fuenzalida Guzmán, Gilberto  |e author  |9 353895 
245 1 0 |a Principales verdades de la religión para ser enseñadas a niños de corta edad y a los que se preparan para la primera comunión 
250 |a 5a. ed 
300 |a 104 p 
942 |c BK 
945 |d 19960121 00:00:00  |a lriquelm 
260 |a Santiago  |b Federación de Obras Católicas  |c 1920 
650 0 |a Religión   |9 255164 
650 0 |a Educación religiosa   |9 308312 
650 0 |a Iglesia Católica  |9 256114 
650 0 |a Niños  |9 255605 
583 |a last modification  |c 19960121 00:00:00  |k Rodrigo Vera 
490 0 |a Catecismo Elemental: curso inferior 
999 |c 244422  |d 244420 
952 |0 0  |1 0  |4 0  |6 372_840000000000000_FUEN_1920  |7 0  |8 P  |9 258482  |a BIBEDU  |b BIBEDU  |c BIBEDU_PB  |d 2019-11-19  |i 1619446  |o 372.84 FUEN 1920  |p 1619446  |r 2024-01-25  |w 2019-11-19  |y BK  |k EDU